Ako poskytnúť konštruktívnu spätnú väzbu v šiestich krokoch
Spätná väzba je nevyhnutnou súčasťou práce manažéra. Šesť kroková metóda na jej efektívne poskytovanie.
Saved in:
| Format: | Book Chapter |
|---|---|
| Language: | Slovak |
| Subjects: | |
| Tags: |
No Tags, Be the first to tag this record!
|
MARC
| LEADER | 00000naa$a2200000$$$4500 | ||
|---|---|---|---|
| 001 | 0094339 | ||
| 005 | 20230912093818.8 | ||
| 041 | 0 | |a slo | |
| 044 | |a SK | ||
| 245 | 1 | 0 | |a Ako poskytnúť konštruktívnu spätnú väzbu v šiestich krokoch |
| 520 | |a Spätná väzba je nevyhnutnou súčasťou práce manažéra. Šesť kroková metóda na jej efektívne poskytovanie. | ||
| 610 | 2 | 0 | |a manažéri |
| 610 | 2 | 0 | |a väzba spätná |
| 610 | 2 | 0 | |a klienti |